000 00922nam a2200253Ia 4500
003 GCL
008 140319s9999 xx 000 0 ara d
040 _aGCL /
_cGCL
082 0 4 _a025.5
_bغ خ
100 1 _aغالب عوض النوايسة
245 1 0 _aخدمات المستفيدين من المكتبات ومراكز المعلومات /
_cغالب عوض النوايسة
250 _aالثانية
260 _aالاردن :
_bدار صفاء للنشر والتوزيع ،
_c2002
650 0 4 _aالخدمة المكتبية
650 0 4 _aاختزان واسترجاع المعلومات
650 0 4 _aالاستخلاص
650 0 4 _aالكشافات
650 0 4 _aالاعارة
650 0 4 _aالفهرس الالكترونى
650 0 4 _aالتكشيف الالى
650 0 4 _aالمكتبات - برامج الحاسبات
650 0 4 _aالاقراص الممغنطة
942 _2ddc
_cBK
999 _c8431
_d8431